书目信息 |
| 题名: |
奇门遁甲详解
|
|
| 作者: | 张辉 主编 | |
| 分册: | ||
| 出版信息: | 北京 团结出版社 2011.01 |
|
| 页数: | 249页 | |
| 开本: | 23cm | |
| 丛书名: | ||
| 单 册: | ||
| 中图分类: | B992.2 | |
| 科图分类: | ||
| 主题词: | ||
| 电子资源: | ||
| ISBN: | 978-7-80214-690-7 | |
| 000 | 00964nam0 2200229 450 | |
| 001 | 011025154510 | |
| 005 | 20221025154510.0 | |
| 010 | @a978-7-80214-690-7@dCNY31.90 | |
| 099 | @aCAL 012011065929 | |
| 100 | @a20201004e20142011em y0chiy0120 ea | |
| 101 | 0 | @achi |
| 102 | @aCN@b110000 | |
| 105 | @ay z 000yy | |
| 106 | @ar | |
| 200 | 1 | @a奇门遁甲详解@Aqi men dun jia xiang jie@f主编张辉 |
| 210 | @a北京@c团结出版社@d2011.01@h2014.02 | |
| 215 | @a249页@d23cm | |
| 330 | @a《奇门遁甲》是中华民族的精典著作,也是奇门、六壬、太乙三大秘宝中的第一大秘术,是易经最高层次的预测学,号称帝王之学,又为夺天地造化之学,也是论天体、人和地球运动规律的科学巨著,而地球的磁场就隐藏在奇门遁甲之中,进而使其揭示宇宙间事物发展变化的自然规律也最为深奥,最为精确实用。本书是对其的一个详细的解释帮助读者更好的理解《奇门遁甲》之术。 | |
| 605 | @a奇门遁甲@Aqi men dun jia@x研究 | |
| 690 | @aB992.2@v5 | |
| 701 | 0 | @a张辉@Azhang hui@4主编 |
| 905 | @a河南城建学院图书馆@dB992.2@eZ113 | |
| 奇门遁甲详解/主编张辉.-北京:团结出版社,2011.01(2014.02) |
| 249页;23cm |
| ISBN 978-7-80214-690-7:CNY31.90 |
| 《奇门遁甲》是中华民族的精典著作,也是奇门、六壬、太乙三大秘宝中的第一大秘术,是易经最高层次的预测学,号称帝王之学,又为夺天地造化之学,也是论天体、人和地球运动规律的科学巨著,而地球的磁场就隐藏在奇门遁甲之中,进而使其揭示宇宙间事物发展变化的自然规律也最为深奥,最为精确实用。本书是对其的一个详细的解释帮助读者更好的理解《奇门遁甲》之术。 |
| ● |
| 相关链接 |
|
|
|
正题名:奇门遁甲详解
索取号:B992.2/Z113
 
预约/预借
| 序号 | 登录号 | 条形码 | 馆藏地/架位号 | 状态 | 备注 |
| 1 | 1590475 | 215904751 | 自科二线400A/400A自科库 11排1列4层/ [索取号:B992.2/Z113] | 在馆 | |
| 2 | 1590581 | 215905812 | 自科二线400A/400A自科库 11排1列4层/ [索取号:B992.2/Z113] | 在馆 | |
| 3 | 1590582 | 215905821 | 自科二线400A/400A自科库 11排1列4层/ [索取号:B992.2/Z113] | 在馆 |